header

The structure of complementation (Record no. 39423)

MARC details
000 -LEADER
fixed length control field 01416nam a2200385Ia 4500
100 1# - MAIN ENTRY--AUTHOR NAME
Personal name Quicoli, Antonio Carlos.
245 14 - TITLE STATEMENT
Title The structure of complementation
260 ## - PUBLICATION, DISTRIBUTION, ETC. (IMPRINT)
Place of publication Ghent :
Name of publisher E. Story-Scientia,
Year of publication 1982.
300 ## - PHYSICAL DESCRIPTION
Number of Pages xii, 172 p. :
Other physical details ill.
500 ## - GENERAL NOTE
General note Thesis.
650 #0 - SUBJECT ADDED ENTRY--TOPICAL TERM
Topical Term Portuguese language
Topical Term Portuguese language
Topical Term Portuguese language
Topical Term Parecer (The Portuguese word)
Topical Term Greek language
Topical Term Greek language
856 40 - ELECTRONIC LOCATION AND ACCESS
Uniform Resource Identifier http://site.ebrary.com/lib/rucke/Doc?id=10722672

No items available.

© 2026 Rongo University
Contact us: librarian | system librarian | Rongo university